| 000 | 00508cam a22001817 4500 | ||
|---|---|---|---|
| 001 | ltf91064776 | ||
| 003 | DLC | ||
| 005 | 20260227111554.0 | ||
| 008 | 910613q19001948gw 000 0 ger | ||
| 010 | _altf91064776 | ||
| 040 |
_aDLC _cDLC _dDLC |
||
| 050 | 0 | 0 | _a4PT Ger 649 |
| 051 |
_a4PT Ger 649 Copy 2 _cCopy 2. |
||
| 100 | 1 |
_aMünchhausen, Börries, _cFreiherr von, _d1874-1945. |
|
| 245 | 1 | 0 |
_aJuda, _bGesänge. _cMit Buchschmuck von E.M. Lilien. |
| 260 |
_aBerlin, _bE. Fleischel _c[19 ] |
||
| 300 | _ap. | ||
| 999 |
_c37653 _d37653 |
||